000
00316nam a2200145Ia 4500
100
_a
Venkateswarlu/N.B
650
_a
Linux Programming
942
_c
BK
654
_a
Linux Programming
245
_a
Linux Programming Tools
260
_b
BS Publication
_c
2006
300
_a
565
546
_a
ENGLISH
999
_c
28211
_d
28211